Wszystkie bronie w Valorant - Statystyki

Ogólne statystyki
  • Ten quiz został rozwiązany 2 459 razy
    2 028 od ostatniego zresetowania
  • Średni wynik to 15 z 17
Statystyki odpowiedzi
Broń % Poprawnych
Vandal
99%
Operator
96%
Phantom
96%
Classic
94%
Ghost
94%
Marshal
91%
Odin
91%
Sheriff
88%
Ares
86%
Frenzy
86%
Shorty
86%
Bulldog
81%
Spectre
81%
Judge
79%
Bucky
78%
Guardian
77%
Stinger
76%
Nie znaleziono quizów pasujących do podanych kryteriów
Rozkład punktacji
Procent ludzi z każdym wynikiem
Percentyl według liczby udzielonych odpowiedzi
Twoja historia wyników
Nie rozwiązałeś tego quizu od ostatniego zresetowania